Spon`s mechanical and electrical services price book 1975 (Record no. 87420)

MARC details
000 -LEADER
fixed length control field 00475cam a2200193 4500
001 - CONTROL NUMBER
control field D8951
008 - FIXED-LENGTH DATA ELEMENTS--GENERAL INFORMATION
fixed length control field 090401t1974 xxu||||| |||| 00| 0 eng d
035 ## - SYSTEM CONTROL NUMBER
System control number (Sirsi) u16364
041 ## - LANGUAGE CODE
Language code of text/sound track or separate title eng
050 ## - LIBRARY OF CONGRESS CALL NUMBER
Classification number 338.43
110 ## - MAIN ENTRY--CORPORATE NAME
Corporate name or jurisdiction name as entry element DavisBelfield and Everest
9 (RLIN) 3167
245 ## - TITLE STATEMENT
Title Spon`s mechanical and electrical services price book 1975
250 ## - EDITION STATEMENT
Edition statement 6th
260 ## - PUBLICATION, DISTRIBUTION, ETC.
Place of publication, distribution, etc. London
Name of publisher, distributor, etc. Spon
Date of publication, distribution, etc. 1974
300 ## - PHYSICAL DESCRIPTION
Extent xii. 344p. 22cm
350 ## - PRICE (NR) (BK AM CF MU VM SE) [OBSOLETE]
Price 5.75
942 ## - ADDED ENTRY ELEMENTS (KOHA)
Suppress in OPAC 0
948 ## - LOCAL PROCESSING INFORMATION (OCLC); SERIES PART DESIGNATOR (RLIN)
c (OCLC) 04/03/1997
Holdings
Withdrawn status Lost status Source of classification or shelving scheme Damaged status Not for loan Home library Current library Shelving location Date acquired Cost, normal purchase price Total Checkouts Full call number Barcode Date last seen Copy number Cost, replacement price Price effective from Koha item type
    Other/Generic Classification Scheme     London London Basement 14/09/1999 5.75   BASEMENT 30027701 06/08/2019 1 5.75 06/08/2019 Reference material